[Event "DVM U16 2013"]
[Site "Lingen (Ems) GER"]
[Date "2013.12.27"]
[Round "2"]
[White "Sabirov, Ramil"]
[Black "Pfreundt, Jakob"]
[Result "1/2-1/2"]
[Termination "normal"]
[Board "2.2"]
[WhiteElo "1908"]
[BlackElo "1906"]
[WhiteTeam "SG Porz"]
[BlackTeam "Königsspringer Hamburg"]
[WhiteFideId "12900303"]
[BlackFideId "12918156"]
[EventCountry "GER"]
[EventRounds "7"]
[EventType "team-swiss"]
[EventDate "2013.12.26"]

1. Nf3 Nf6 2. b3 b6 3. Bb2 Bb7 4. c4 c5 5. e3 g6 6. Be2 Bg7 7. O-O O-O 8. d4
Ne4 9. Nbd2 d5 10. Qc2 Nxd2 11. Qxd2 dxc4 12. bxc4 Nd7 13. d5 Nf6 14. Qc2 e6
15. dxe6 fxe6 16. Ne5 Qe7 17. Rad1 Rfd8 18. Bf3 Bxf3 19. Nxf3 Qb7 20. Ng5 Qe7
21. Nf3 Qb7 22. Ng5 Qe7 23. Rfe1 Rf8 24. Rd2 Rad8 25. Red1 Rxd2 26. Qxd2 h6 27.
Nf3 Ne4 28. Qc2 Rd8 29. Bxg7 Kxg7 30. h3 Rxd1+ 31. Qxd1 Nd6 32. Ne5 Nf5 33. Nc6
Qc7 34. Qf3 Ne7 35. Nxe7 Qxe7 36. Qc6 Kf7 37. e4 Qg5 38. Qc7+ Qe7 39. Qf4+ Kg7
40. Qe5+ Qf6 41. Qc7+ Qf7 42. Qd6 g5 43. g4 Kg6 44. Kg2 Qf6 45. e5 Qf7 46. Qd3+
Kg7 47. Qd6 Kg6 48. Kf1 Kg7 49. Kg2 Qb7+ 50. Kg1 Qf7 51. Kf1 Kg6 52. Ke2 h5 53.
Qd3+ Kh6 54. Qf3 Qg7 55. Qe4 hxg4 56. hxg4 Qd7 57. Qa8 Kg7 58. Qf3 Qe7 59. Qc6
Qf7 60. Qd6 1/2-1/2

[Event "DVM U16 2013"]
[Site "Lingen (Ems) GER"]
[Date "2013.12.27"]
[Round "2"]
[White "Lemke, Berfin"]
[Black "Fieberg, Samuel"]
[Result "0-1"]
[Termination "normal"]
[Board "2.3"]
[WhiteElo "1609"]
[BlackElo "1944"]
[WhiteTeam "Königsspringer Hamburg"]
[BlackTeam "SG Porz"]
[WhiteFideId "1270578"]
[BlackFideId "12901717"]
[EventCountry "GER"]
[EventRounds "7"]
[EventType "team-swiss"]
[EventDate "2013.12.26"]

1. e4 c5 2. Nf3 d6 3. d4 cxd4 4. Nxd4 Nf6 5. Nc3 a6 6. Be2 e5 7. Nb3 Be7 8. Bg5
O-O 9. a4 Nc6 10. a5 Be6 11. Bxf6 Bxf6 12. Nd5 Bg5 13. O-O Kh8 14. Qd3 f5 15.
f3 Bxd5 16. exd5 Ne7 17. c4 Ng6 18. Rfd1 Rc8 19. Bf1 Qe8 20. Nc1 Nf4 21. Qc2
Qg6 22. Ra3 e4 23. Kh1 Rce8 24. fxe4 fxe4 25. Rg3 Qf5 26. Qf2 Bh4 27. Ne2 Nxe2
28. Qxe2 Bxg3 29. hxg3 e3 30. Kh2 Rf6 0-1

[Event "DVM U16 2013"]
[Site "Lingen (Ems) GER"]
[Date "2013.12.27"]
[Round "2"]
[White "Brungs, Sven"]
[Black "Pfreundt, Mathis"]
[Result "1-0"]
[Termination "normal"]
[Board "2.4"]
[WhiteElo "1885"]
[BlackElo "1622"]
[WhiteTeam "SG Porz"]
[BlackTeam "Königsspringer Hamburg"]
[WhiteFideId "12946257"]
[BlackFideId "12967092"]
[EventCountry "GER"]
[EventRounds "7"]
[EventType "team-swiss"]
[EventDate "2013.12.26"]

1. d4 d5 2. c4 c6 3. e3 Nf6 4. Nf3 Bg4 5. Nbd2 e6 6. Bd3 Bd6 7. O-O O-O 8. Qc2
Nbd7 9. h3 Bh5 10. b3 e5 11. dxe5 Nxe5 12. Nxe5 Bxe5 13. Rb1 Bg6 14. Bxg6 hxg6
15. Nf3 Qe7 16. Nxe5 Qxe5 17. Bb2 Qe6 18. c5 Rad8 19. a4 Rd7 20. b4 Re7 21. Bd4
Nd7 22. Rfc1 Ne5 23. Qc3 f6 24. b5 Nc4 25. Rb4 Rd8 26. Re1 Rde8 27. Ra1 Qd7 28.
Ra2 Re4 29. Qc2 Qf7 30. bxc6 bxc6 31. Qb3 R4e7 32. Ra1 Qe6 33. Rb8 Qd7 34.
Rxe8+ Qxe8 35. a5 Qc8 36. a6 Qc7 37. Bc3 Qc8 38. Bd4 Kh7 39. Bc3 Rc7 40. e4 Re7
41. exd5 cxd5 42. Bd4 Rc7 43. Qb5 Nd2 44. f3 Nc4 45. Re1 Na3 46. Qa4 Nc4 47.
Re8 Qf5 48. Rb8 Re7 49. Bf2 Qf4 50. Rb7 Qc1+ 51. Kh2 Nd2 52. Qh4+ Kg8 53. Rxe7
Nf1+ 54. Kg1 Ne3+ 55. Be1 Qxc5 56. Qb4 Qc1 57. Re8+ Kf7 58. Qe7# 1-0

[Event "DVM U16 2013"]
[Site "Lingen (Ems) GER"]
[Date "2013.12.27"]
[Round "2"]
[White "Grigorian, Spartak"]
[Black "Eichstaedt, Mirko"]
[Result "1-0"]
[Termination "normal"]
[Board "3.1"]
[WhiteElo "2163"]
[BlackElo "1939"]
[WhiteTeam "SK Wildeshausen"]
[BlackTeam "USV Potsdam"]
[WhiteFideId "24661490"]
[BlackFideId "24692310"]
[EventCountry "GER"]
[EventRounds "7"]
[EventType "team-swiss"]
[EventDate "2013.12.26"]

1. c4 Nf6 2. Nf3 c6 3. e3 d5 4. Qc2 g6 5. b3 Bg7 6. Bb2 O-O 7. d3 b6 8. Be2 Bb7
9. Nbd2 c5 10. O-O a5 11. Rfd1 a4 12. a3 axb3 13. Qxb3 Bc6 14. Rdc1 Nbd7 15.
cxd5 Bxd5 16. Qc2 Qb8 17. Nc4 Bc6 18. Nce5 Ba4 19. Qc4 Qd6 20. Rab1 e6 21. Qh4
h6 22. Nc4 Qc7 23. Bxf6 Bxf6 24. Qxh6 Bc6 25. Ng5 Bxg5 26. Qxg5 b5 27. Nd2 Rxa3
28. Nb3 Bd5 29. Nd4 b4 30. Nb5 Qa5 31. Nxa3 bxa3 32. Qe7 a2 33. Qxd7 axb1=Q 34.
Rxb1 Qd2 35. Bf1 Be4 36. Qb5 Bf5 37. Qxc5 Rd8 38. Qc7 Rxd3 39. Bxd3 Bxd3 40.
Rb8+ Kg7 41. Qe5+ f6 42. Qc7+ 1-0

[Event "DVM U16 2013"]
[Site "Lingen (Ems) GER"]
[Date "2013.12.27"]
[Round "2"]
[White "Cech, Tim"]
[Black "Finke, Maurice"]
[Result "0-1"]
[Termination "normal"]
[Board "3.2"]
[WhiteElo "1805"]
[BlackElo "1958"]
[WhiteTeam "USV Potsdam"]
[BlackTeam "SK Wildeshausen"]
[WhiteFideId "1270258"]
[BlackFideId "12909580"]
[EventCountry "GER"]
[EventRounds "7"]
[EventType "team-swiss"]
[EventDate "2013.12.26"]

1. c4 c5 2. Nc3 g6 3. g3 Bg7 4. Bg2 Nc6 5. e3 e5 6. Nge2 Nge7 7. O-O O-O 8. Nd5
d6 9. Rb1 Nxd5 10. Bxd5 Nb4 11. a3 Nxd5 12. cxd5 Bh3 13. Re1 Bg4 14. Qb3 Bf3
15. Kf1 Qg5 16. e4 Qh5 17. Ng1 Bh1 18. h3 f5 19. d3 fxe4 20. dxe4 Rxf2+ 21.
Kxf2 Rf8+ 22. Ke3 Rf3+ 23. Nxf3 Qxf3+ 24. Kd2 Qxb3 25. Rxh1 Bh6+ 26. Ke1 Qxg3+
27. Kf1 Qd3+ 0-1

[Event "DVM U16 2013"]
[Site "Lingen (Ems) GER"]
[Date "2013.12.27"]
[Round "2"]
[White "Ngo, Minh Duc"]
[Black "Werthmann, Nils"]
[Result "1-0"]
[Termination "normal"]
[Board "3.3"]
[WhiteElo "1980"]
[BlackElo "1765"]
[WhiteTeam "SK Wildeshausen"]
[BlackTeam "USV Potsdam"]
[WhiteFideId "12942693"]
[BlackFideId "1270257"]
[EventCountry "GER"]
[EventRounds "7"]
[EventType "team-swiss"]
[EventDate "2013.12.26"]

1. e4 c5 2. Ne2 Nc6 3. d4 cxd4 4. Nxd4 e6 5. Nc3 a6 6. Be3 Qc7 7. Be2 Nf6 8.
O-O Bb4 9. Na4 b5 10. Nxc6 Qxc6 11. Nb6 Rb8 12. e5 Ng8 13. Bf3 Qc7 14. Qd4 Bc5
15. Na8 1-0

[Event "DVM U16 2013"]
[Site "Lingen (Ems) GER"]
[Date "2013.12.27"]
[Round "2"]
[White "Ender, Paul Marius"]
[Black "Reuker, Jari"]
[Result "0-1"]
[Termination "normal"]
[Board "3.4"]
[WhiteElo "1565"]
[BlackElo "1815"]
[WhiteTeam "USV Potsdam"]
[BlackTeam "SK Wildeshausen"]
[WhiteFideId "12936545"]
[BlackFideId "12909300"]
[EventCountry "GER"]
[EventRounds "7"]
[EventType "team-swiss"]
[EventDate "2013.12.26"]

1. e4 c5 2. Nc3 Nc6 3. f4 g6 4. Nf3 Bg7 5. g3 e6 6. Bg2 Nge7 7. d3 O-O 8. Be3
d6 9. Qd2 b5 10. Rb1 b4 11. Ne2 Rb8 12. O-O Ba6 13. Nh4 f5 14. Kh1 Qc7 15. e5
c4 16. exd6 Qxd6 17. dxc4 Qxd2 18. Bxd2 Bxc4 19. Rfe1 Bxa2 20. Ra1 Bc4 21. c3
a6 22. Nf3 Nd5 23. Ng5 Rfe8 24. Ra4 Bb5 25. Ra2 Rbd8 26. Nd4 Nxd4 27. cxd4 Nc7
28. Bxb4 Rxd4 29. Ba5 Rd7 30. b3 h6 31. Nf3 Kf7 32. Rc2 Nd5 33. Ne5+ Bxe5 34.
fxe5 Ne7 35. Bd2 g5 36. Rec1 Red8 37. Rd1 Be2 0-1

[Event "DVM U16 2013"]
[Site "Lingen (Ems) GER"]
[Date "2013.12.27"]
[Round "2"]
[White "Flüchter, Gregor"]
[Black "Imcke, Patrick"]
[Result "1/2-1/2"]
[Termination "normal"]
[Board "4.1"]
[WhiteElo "2041"]
[BlackElo "2014"]
[WhiteTeam "SF Dortmund-Brackel 1930"]
[BlackTeam "SF Katernberg"]
[WhiteFideId "12903396"]
[BlackFideId "4622502"]
[EventCountry "GER"]
[EventRounds "7"]
[EventType "team-swiss"]
[EventDate "2013.12.26"]

1. e4 e6 2. d4 d5 3. exd5 exd5 4. Nf3 Nf6 5. c4 Nc6 6. h3 Bb4+ 7. Nc3 O-O 8.
Be2 Ne4 9. Bd2 Nxd2 10. Qxd2 dxc4 11. O-O Be6 12. Rfd1 Bd5 13. Ne5 b5 14. a3
Bxc3 15. Qxc3 Qg5 16. g3 Qf6 17. Bf1 Nxe5 18. dxe5 Qe6 19. Qd4 c6 20. Bg2 Rad8
21. a4 a6 22. axb5 axb5 23. f4 g6 24. Qb6 Rd7 25. Ra7 Rxa7 26. Qxa7 Rd8 27. Qc5
Kg7 28. g4 Rd7 29. Qd4 Kg8 30. Rd2 b4 31. Bf1 Rb7 32. Qc5 g5 33. Bxc4 Bxc4
1/2-1/2

[Event "DVM U16 2013"]
[Site "Lingen (Ems) GER"]
[Date "2013.12.27"]
[Round "2"]
[White "Schimnatkowski, Lukas"]
[Black "Birnkraut, Tim"]
[Result "0-1"]
[Termination "normal"]
[Board "4.2"]
[WhiteElo "1739"]
[BlackElo "1804"]
[WhiteTeam "SF Katernberg"]
[BlackTeam "SF Dortmund-Brackel 1930"]
[WhiteFideId "12936723"]
[BlackFideId "24609587"]
[EventCountry "GER"]
[EventRounds "7"]
[EventType "team-swiss"]
[EventDate "2013.12.26"]

1. e4 e5 2. d4 exd4 3. Nf3 Nc6 4. Bc4 Nf6 5. e5 d5 6. Bb5 Ne4 7. Nxd4 Bc5 8.
O-O O-O 9. Bxc6 Bxd4 10. Qxd4 bxc6 11. Nc3 Ng5 12. Bxg5 Qxg5 13. f4 Qf5 14. Na4
a5 15. Rf2 f6 16. Nc5 Rb8 17. c3 fxe5 18. fxe5 Qxf2+ 19. Qxf2 Rxf2 20. Kxf2
Rxb2+ 21. Kf3 Rc2 22. Ke3 Rxc3+ 23. Kd4 Rc4+ 0-1

[Event "DVM U16 2013"]
[Site "Lingen (Ems) GER"]
[Date "2013.12.27"]
[Round "2"]
[White "Trümper, Michael"]
[Black "Kennemann, Henrik Jan"]
[Result "0-1"]
[Termination "normal"]
[Board "4.3"]
[WhiteElo "1814"]
[BlackElo "1637"]
[WhiteTeam "SF Dortmund-Brackel 1930"]
[BlackTeam "SF Katernberg"]
[WhiteFideId "12946095"]
[BlackFideId "1271856"]
[EventCountry "GER"]
[EventRounds "7"]
[EventType "team-swiss"]
[EventDate "2013.12.26"]

1. d4 Nf6 2. Bg5 e6 3. e4 Be7 4. Bxf6 Bxf6 5. Nc3 O-O 6. Nf3 b6 7. Qd2 Bb7 8.
O-O-O d5 9. e5 Be7 10. h4 c5 11. Be2 Nc6 12. Rdf1 cxd4 13. Nxd4 Nxe5 14. f4 Nd7
15. Kb1 Nc5 16. f5 e5 17. Nb3 Nxb3 18. axb3 d4 19. Bf3 Bxf3 20. Rxf3 dxc3 21.
Qxc3 Bf6 22. Qe1 Re8 23. g4 h6 24. Rfh3 Rc8 25. g5 Bxg5 26. hxg5 Qxg5 27. Rh5
Qf6 28. Qg3 Kf8 29. Rd1 Rcd8 30. Re1 Rd5 31. Qf3 Red8 32. Rhh1 Qc6 33. Rhf1 Qd6
34. Qh5 f6 35. Rg1 Rd7 36. Qg6 Kg8 37. Qe8+ Qf8 38. Qh5 Qf7 39. Rg6 Kf8 40.
Reg1 e4 41. Qg4 e3 42. Re1 Re5 43. Qf4 e2 44. Rgg1 Qd5 45. Qg4 Qe4 46. Qxe4
Rxe4 47. Kc1 Rd5 48. Rg2 Rxf5 49. Rgxe2 Rxe2 50. Rxe2 g5 51. Kd2 h5 52. c4 Re5
53. Rf2 Ke7 54. Kd3 h4 55. b4 h3 56. Kd4 g4 57. Rh2 g3 58. Rxh3 g2 59. Rg3 Rg5
0-1

[Event "DVM U16 2013"]
[Site "Lingen (Ems) GER"]
[Date "2013.12.27"]
[Round "2"]
[White "Döpper, Anna Berenice"]
[Black "Wastian, Jan"]
[Result "1/2-1/2"]
[Termination "normal"]
[Board "4.4"]
[WhiteElo "1510"]
[BlackElo "1630"]
[WhiteTeam "SF Katernberg"]
[BlackTeam "SF Dortmund-Brackel 1930"]
[WhiteFideId "1271853"]
[BlackFideId "12911640"]
[EventCountry "GER"]
[EventRounds "7"]
[EventType "team-swiss"]
[EventDate "2013.12.26"]

1. e4 c6 2. d4 d5 3. exd5 cxd5 4. c4 Nf6 5. Nc3 e6 6. Nf3 Bb4 7. Bd2 O-O 8. Qb3
Be7 9. cxd5 exd5 10. Bd3 Nc6 11. Ne2 Ne4 12. a3 Bg4 13. Bb5 Bf6 14. Bxc6 bxc6
15. Bb4 Re8 16. O-O Ng5 17. Rfe1 Nxf3+ 18. gxf3 Bf5 19. Rac1 Qd7 20. Qc3 Rac8
21. Ng3 Bg6 22. Bc5 h6 23. Rxe8+ Rxe8 24. Re1 a6 25. Rxe8+ Qxe8 26. Qe3 Qb8 27.
b4 Bg5 28. Qe2 Qb5 29. Qxb5 cxb5 30. Nf1 Bf5 31. Ne3 Be6 32. Kg2 Bf4 33. Be7 f6
34. Bc5 Kf7 35. h3 Kg6 36. Bf8 Kh7 37. Bc5 Kh8 38. Be7 Kg8 39. Bd8 Kf8 40. Bb6
Kf7 41. Bc5 g6 42. Bb6 f5 43. Bd8 g5 44. Bb6 Kg6 45. Bd8 h5 46. Be7 g4 47. Bh4
Bh6 48. fxg4 hxg4 49. hxg4 fxg4 50. Be7 Bg7 51. Bc5 Bh6 52. Kg3 Kh5 53. Be7
1/2-1/2

[Event "DVM U16 2013"]
[Site "Lingen (Ems) GER"]
[Date "2013.12.27"]
[Round "2"]
[White "Oberhofer, Cédric"]
[Black "Riehle, Marco"]
[Result "1-0"]
[Termination "normal"]
[Board "5.1"]
[WhiteElo "1911"]
[BlackElo "1876"]
[WhiteTeam "SC Bavaria Regensburg"]
[BlackTeam "SF Sasbach"]
[WhiteFideId "12941220"]
[BlackFideId "12904392"]
[EventCountry "GER"]
[EventRounds "7"]
[EventType "team-swiss"]
[EventDate "2013.12.26"]

1. e4 e5 2. Nf3 Nf6 3. d4 Nxe4 4. Nxe5 Qe7 5. Be2 d5 6. O-O Be6 7. Bd3 Nd7 8.
c4 Nxe5 9. dxe5 O-O-O 10. cxd5 Rxd5 11. Qe2 Nc5 12. Bc2 h5 13. Nc3 Rd8 14. Be3
Qh4 15. f4 g5 16. Ne4 Nxe4 17. Bxe4 Kb8 18. Qb5 Bc8 19. Rac1 Qg4 20. Qa5 b6 21.
Qc3 c5 22. b4 gxf4 23. Rxf4 Rd1+ 24. Rxd1 Qxd1+ 25. Rf1 Qa4 26. e6 Qxb4 27.
Bf4+ 1-0

[Event "DVM U16 2013"]
[Site "Lingen (Ems) GER"]
[Date "2013.12.27"]
[Round "2"]
[White "Ehmann, Thilo"]
[Black "Dechant, Georg"]
[Result "1-0"]
[Termination "normal"]
[Board "5.2"]
[WhiteElo "1921"]
[BlackElo "1689"]
[WhiteTeam "SF Sasbach"]
[BlackTeam "SC Bavaria Regensburg"]
[WhiteFideId "12940968"]
[BlackFideId "12956716"]
[EventCountry "GER"]
[EventRounds "7"]
[EventType "team-swiss"]
[EventDate "2013.12.26"]

1. e4 c5 2. Nf3 Nc6 3. d4 cxd4 4. Nxd4 Qc7 5. f3 e6 6. c4 a6 7. Be3 Nf6 8. Nc3
Be7 9. Be2 O-O 10. O-O d6 11. g4 Ne5 12. Rc1 h6 13. Kg2 Nh7 14. b4 Ng6 15. Nb3
Nh4+ 16. Kg1 Bd7 17. a4 Rac8 18. a5 Qb8 19. b5 Bf6 20. Na4 e5 21. Nb6 Rcd8 22.
bxa6 bxa6 23. c5 Be6 24. c6 Qa7 25. Nd5 Qa8 26. Bb6 Rc8 27. Nc7 Bxb3 28. Qxb3
Qb8 29. Nxa6 Qa8 30. Nc7 Qb8 31. Nd5 Bg5 32. a6 Bxc1 33. Rxc1 Rfe8 34. c7 Qa8
35. Bb5 Ng5 36. Bxe8 Nhxf3+ 37. Kg2 Qxa6 38. Bb5 1-0

[Event "DVM U16 2013"]
[Site "Lingen (Ems) GER"]
[Date "2013.12.27"]
[Round "2"]
[White "Rösl, Martin"]
[Black "Bohnert, Dominik"]
[Result "0-1"]
[Termination "normal"]
[Board "5.3"]
[WhiteElo "1536"]
[BlackElo "1936"]
[WhiteTeam "SC Bavaria Regensburg"]
[BlackTeam "SF Sasbach"]
[WhiteFideId "12983098"]
[BlackFideId "12918075"]
[EventCountry "GER"]
[EventRounds "7"]
[EventType "team-swiss"]
[EventDate "2013.12.26"]

1. e4 e5 2. Nf3 Nc6 3. Bb5 a6 4. Ba4 Nf6 5. O-O Be7 6. Re1 b5 7. Bb3 O-O 8. h3
d5 9. exd5 Nxd5 10. d3 Bb7 11. Nbd2 Nf4 12. Ne4 Nd4 13. Be3 Nxb3 14. axb3 f5
15. Nc3 Ng6 16. Bd2 Bd6 17. Qe2 Qd7 18. Nh2 Nh4 19. f3 Rae8 20. Bg5 Ng6 21. Bd2
b4 22. Nd1 e4 23. dxe4 fxe4 24. fxe4 Bxh2+ 25. Kxh2 Qd6+ 26. Kh1 Rxe4 27. Ne3
Nf4 28. Qd1 Nxh3 29. gxh3 Rxe3+ 0-1

[Event "DVM U16 2013"]
[Site "Lingen (Ems) GER"]
[Date "2013.12.27"]
[Round "2"]
[White "Zimmer, Raphael"]
[Black "Brüll, Elias"]
[Result "1/2-1/2"]
[Termination "normal"]
[Board "5.4"]
[WhiteElo "1625"]
[BlackElo "1542"]
[WhiteTeam "SF Sasbach"]
[BlackTeam "SC Bavaria Regensburg"]
[WhiteFideId "12978841"]
[BlackFideId "12964921"]
[EventCountry "GER"]
[EventRounds "7"]
[EventType "team-swiss"]
[EventDate "2013.12.26"]

1. e4 c5 2. Nf3 d6 3. d4 cxd4 4. Nxd4 Nf6 5. f3 g6 6. c4 Bg7 7. Nc3 O-O 8. Be3
Nc6 9. Qd2 Bd7 10. Be2 a6 11. O-O Rc8 12. Rac1 Nxd4 13. Bxd4 e6 14. Rfd1 Rc6
15. b4 Qb8 16. b5 axb5 17. cxb5 Rcc8 18. Bxf6 Bxf6 19. Qxd6 Qxd6 20. Rxd6 Bxb5
21. Bxb5 Rxc3 22. Rxc3 Bxc3 23. g3 Bb4 24. Rd3 Bc5+ 25. Kg2 b6 26. h4 f5 27.
Bc4 Re8 28. exf5 gxf5 29. Rd7 Kh8 30. Rf7 Rf8 31. Rxf8+ Bxf8 32. Bxe6 f4 33.
gxf4 Bd6 34. Kg3 Kg7 35. Kg4 Kf6 36. f5 h6 37. f4 Bc7 38. Kf3 Bd6 39. Ke4 Bc7
40. a3 Bd6 41. a4 Bc7 42. Bd7 Bd6 43. Be8 Bc7 44. Bg6 Bd6 45. Kd5 Bxf4 46. Kc6
Be3 47. Kb5 Bf2 48. h5 Be3 49. Kb4 Bc5+ 50. Kc4 Bf2 51. Kb5 Be3 52. Kc6 Bf2 53.
Kd5 Be3 54. Ke4 Bf2 55. Kf4 Bd4 56. Ke4 Bf2 57. Kd5 Be3 58. Kc6 Bf2 59. Kd7 Be3
60. Bh7 Bf2 61. Bg6 Be3 62. Ke8 Bd4 63. Kf8 Be3 64. Kg8 1/2-1/2

[Event "DVM U16 2013"]
[Site "Lingen (Ems) GER"]
[Date "2013.12.27"]
[Round "2"]
[White "Walter, Kevin"]
[Black "Peczely, Sebastian Zsombor"]
[Result "1-0"]
[Termination "normal"]
[Board "6.1"]
[WhiteElo "1976"]
[BlackElo "2183"]
[WhiteTeam "SK Sontheim/Brenz"]
[BlackTeam "Schachgemeinschaft Leipzig"]
[WhiteFideId "12906654"]
[BlackFideId "750964"]
[EventCountry "GER"]
[EventRounds "7"]
[EventType "team-swiss"]
[EventDate "2013.12.26"]

1. e4 c5 2. Nf3 e6 3. d4 cxd4 4. Nxd4 Nc6 5. Nb5 Nf6 6. N1c3 d6 7. Bf4 e5 8.
Bg5 a6 9. Na3 b5 10. Bxf6 gxf6 11. Nd5 Bg7 12. c3 O-O 13. Bd3 Ne7 14. Nxe7+
Qxe7 15. O-O f5 16. Nc2 Bb7 17. exf5 e4 18. Be2 Qe5 19. Nd4 Rad8 20. Qd2 d5 21.
Rfd1 Rd6 22. a4 Bh6 23. Qe1 bxa4 24. Rxa4 Kh8 25. c4 e3 26. Nf3 exf2+ 27. Qxf2
Qxb2 28. c5 Rf6 29. Qd4 Qxe2 30. Re1 Qc2 31. Qxf6+ Bg7 32. Qh4 d4 33. f6 Qxa4
34. fxg7+ Kxg7 35. Qg5+ Kh8 36. Qf6+ Kg8 37. Re5 Qd1+ 38. Ne1 h6 39. Qxh6 f5
40. Qg6+ Kh8 41. Re7 1-0

[Event "DVM U16 2013"]
[Site "Lingen (Ems) GER"]
[Date "2013.12.27"]
[Round "2"]
[White "Kreyssig, Robert"]
[Black "Romes, Max"]
[Result "1-0"]
[Termination "normal"]
[Board "6.2"]
[WhiteElo "2070"]
[BlackElo "1922"]
[WhiteTeam "Schachgemeinschaft Leipzig"]
[BlackTeam "SK Sontheim/Brenz"]
[WhiteFideId "4662881"]
[BlackFideId "12928968"]
[EventCountry "GER"]
[EventRounds "7"]
[EventType "team-swiss"]
[EventDate "2013.12.26"]

1. d4 f5 2. Nc3 d5 3. Bg5 Nf6 4. Bxf6 exf6 5. e3 c6 6. Bd3 Bd6 7. Qf3 g6 8.
Nge2 Be6 9. h3 Nd7 10. g4 fxg4 11. hxg4 Bf7 12. O-O-O Qa5 13. e4 O-O-O 14. e5
fxe5 15. Qxf7 exd4 16. Nxd4 Rdf8 17. Qe6 Qc5 18. Nb3 Bf4+ 19. Kb1 Qxf2 20. Nxd5
Re8 21. Ne7+ Kc7 22. Bxg6 Rd8 23. Bf5 Ne5 24. Rxd8 Rxd8 25. a3 h6 26. Ng6 Qg2
27. Re1 Nxg6 28. Bxg6 Bg3 29. Qe2 Qd5 30. Rf1 Qd6 31. Rf7+ Kb6 32. Qe3+ c5 33.
Rf6 1-0

[Event "DVM U16 2013"]
[Site "Lingen (Ems) GER"]
[Date "2013.12.27"]
[Round "2"]
[White "Walter, Daniel"]
[Black "Kreyssig, Bruno"]
[Result "0-1"]
[Termination "normal"]
[Board "6.3"]
[WhiteElo "1271"]
[BlackElo "1837"]
[WhiteTeam "SK Sontheim/Brenz"]
[BlackTeam "Schachgemeinschaft Leipzig"]
[WhiteFideId "12983110"]
[BlackFideId "4692489"]
[EventCountry "GER"]
[EventRounds "7"]
[EventType "team-swiss"]
[EventDate "2013.12.26"]

1. e4 c5 2. Nf3 d6 3. d4 cxd4 4. Nxd4 Nf6 5. Nc3 g6 6. Be2 Bg7 7. O-O O-O 8. f4
Nc6 9. Kh1 a6 10. Be3 Qc7 11. Bf3 Nd7 12. Nde2 b5 13. a3 Bb7 14. Qe1 Nb6 15. f5
Nc4 16. Bc1 N6e5 17. Qh4 Rad8 18. Bh6 Nxb2 19. g4 d5 20. Bxg7 Kxg7 21. g5 h5
22. f6+ exf6 23. gxf6+ Kg8 24. Bxh5 dxe4 25. Qg5 Nf3 26. Bxf3 exf3 27. Kg1 fxe2
28. Rf2 Qxc3 29. Rxe2 Nd3 30. Rf1 Qc5+ 0-1

[Event "DVM U16 2013"]
[Site "Lingen (Ems) GER"]
[Date "2013.12.27"]
[Round "2"]
[White "Waschischeck, Tom"]
[Black "Walliser, Pascal"]
[Result "1-0"]
[Termination "normal"]
[Board "6.4"]
[WhiteElo "1718"]
[BlackElo "1450"]
[WhiteTeam "Schachgemeinschaft Leipzig"]
[BlackTeam "SK Sontheim/Brenz"]
[WhiteFideId "12931780"]
[BlackFideId "12983128"]
[EventCountry "GER"]
[EventRounds "7"]
[EventType "team-swiss"]
[EventDate "2013.12.26"]

1. e4 e5 2. Bc4 Bc5 3. Nf3 Nc6 4. d3 Nf6 5. O-O h6 6. h3 O-O 7. Re1 d6 8. c3
Bb6 9. Bb3 Be6 10. Nbd2 g5 11. Nc4 Bxc4 12. Bxc4 Na5 13. Bb5 c6 14. Ba4 Qd7 15.
b4 g4 16. Nh4 g3 17. Be3 gxf2+ 18. Bxf2 Bxf2+ 19. Kxf2 b5 20. Bc2 Nb7 21. Nf5
Kh7 22. Qd2 Ng8 23. Kg1 d5 24. d4 Kh8 25. Nxh6 Qe6 26. Nf5 exd4 27. Qxd4+ f6
28. exd5 Qxd5 29. Qh4+ 1-0

[Event "DVM U16 2013"]
[Site "Lingen (Ems) GER"]
[Date "2013.12.27"]
[Round "2"]
[White "Klodt, Daniel"]
[Black "Herbrig, Marie-Helen"]
[Result "1-0"]
[Termination "normal"]
[Board "7.2"]
[WhiteElo "1631"]
[BlackElo "1720"]
[WhiteTeam "Treptower SV 1949"]
[BlackTeam "SC Einheit Bautzen"]
[WhiteFideId "12938068"]
[BlackFideId "12900427"]
[EventCountry "GER"]
[EventRounds "7"]
[EventType "team-swiss"]
[EventDate "2013.12.26"]

1. e4 c5 2. Nf3 Nc6 3. d4 cxd4 4. Nxd4 Nf6 5. Nc3 d6 6. Bc4 e6 7. O-O Be7 8. f3
Qb6 9. Be3 Qxb2 10. Qd2 Nxd4 11. Bxd4 Qb4 12. Bb5+ Kf8 13. Rab1 Qa5 14. Bxf6
gxf6 15. Qh6+ Kg8 16. Rb3 a6 17. f4 Bf8 18. Qxf6 Bg7 19. Qe7 Bxc3 20. Be8 Bd4+
21. Kh1 Qh5 22. Rg3+ Bg7 23. Qf6 Kf8 24. Qxg7+ Kxe8 25. Qxh8+ Ke7 26. e5 d5 27.
Qf6+ Kd7 28. Rg7 Kc6 29. Qxf7 Qxf7 30. Rxf7 h5 31. Rf8 b5 32. h3 Kc7 33. g4
hxg4 34. hxg4 Ra7 35. Rf7+ Bd7 36. f5 Kb6 37. fxe6 Bxe6 38. R7f6 Re7 39. Rxe6+
Rxe6 40. Rf6 Rc6 41. g5 Kb7 42. Rxc6 Kxc6 43. g6 d4 44. g7 Kd5 45. g8=Q+ Kxe5
46. Kg2 1-0

[Event "DVM U16 2013"]
[Site "Lingen (Ems) GER"]
[Date "2013.12.27"]
[Round "2"]
[White "Izhboldin, Andrey"]
[Black "Hesse, Henrik"]
[Result "0-1"]
[Termination "normal"]
[Board "7.3"]
[WhiteElo "1533"]
[BlackElo "1701"]
[WhiteTeam "SC Einheit Bautzen"]
[BlackTeam "Treptower SV 1949"]
[WhiteFideId "12983136"]
[BlackFideId "12952060"]
[EventCountry "GER"]
[EventRounds "7"]
[EventType "team-swiss"]
[EventDate "2013.12.26"]

1. d4 Nf6 2. c4 g6 3. Nc3 Bg7 4. e4 d6 5. Nf3 Nbd7 6. Bg5 O-O 7. Bd3 c5 8. O-O
cxd4 9. Nxd4 Nc5 10. Bc2 Ng4 11. Re1 Ne5 12. b3 Re8 13. Qd2 Qa5 14. a3 Qd8 15.
Rad1 Ne6 16. Nxe6 Bxe6 17. Bh6 Bg4 18. Rc1 Bh8 19. Qf4 Be6 20. Rcd1 Nxc4 21.
Nb5 Ne5 22. Nd4 Qd7 23. h4 Nc6 24. Nxc6 Qxc6 25. Rc1 Be5 26. Qg5 Bf6 27. Qf4
Qc5 28. Qg3 Qe5 29. f4 Qc3 30. Bd3 Qd4+ 31. Kh1 Kh8 32. e5 dxe5 33. Re4 Qd5 34.
fxe5 Bg7 35. Bxg7+ Kxg7 36. Re3 Rac8 37. Bc4 Qc6 38. Qf4 b5 39. Rec3 bxc4 40.
bxc4 Red8 41. Qg5 Qe4 42. Qxe7 Qxe5 43. Qb4 Rd4 44. Qb5 Rxh4+ 45. Kg1 Qd4+ 0-1

[Event "DVM U16 2013"]
[Site "Lingen (Ems) GER"]
[Date "2013.12.27"]
[Round "2"]
[White "Klodt, Nicolas"]
[Black "Arnhold, Steffi"]
[Result "1/2-1/2"]
[Termination "normal"]
[Board "7.4"]
[WhiteElo "1616"]
[BlackElo "1422"]
[WhiteTeam "Treptower SV 1949"]
[BlackTeam "SC Einheit Bautzen"]
[WhiteFideId "12910490"]
[BlackFideId "12931365"]
[EventCountry "GER"]
[EventRounds "7"]
[EventType "team-swiss"]
[EventDate "2013.12.26"]

1. e4 c5 2. Nf3 d6 3. d4 cxd4 4. Nxd4 Nf6 5. Nc3 a6 6. Bc4 e6 7. Bg5 Be7 8. Nf3
Qc7 9. Bb3 Nbd7 10. O-O O-O 11. Re1 b5 12. Qe2 Bb7 13. Rad1 Rfd8 14. Rd2 Nc5
15. e5 dxe5 16. Rxd8+ Rxd8 17. Qxe5 Qxe5 18. Nxe5 Nxb3 19. axb3 h6 20. Bh4 Rd2
21. Re2 Rxe2 22. Nxe2 Be4 23. Nd4 Bc5 24. c3 Bxd4 25. cxd4 Nd5 1/2-1/2